000 01119nam a2200217Ia 4500
003 Ost
005 20260507075052.0
008 260507s9999||||xx |||||||||||||| ||und||
040 _cfsecg
041 _aara
082 _a658.151
100 _aالكفراوي، عوف محمود
_eمؤلف
245 0 _aالرقابة المالية :
_bالنظرية والتطبيق /
_c عوف محمود الكفراوي
250 _aطبعة 3 (مزيدة ومنقحة)
260 _aالاسكندرية:
_bمطبعة الانتصار,
_c2005
300 _a345 صفحة؛
_bإيضاحات ؛
_c24 سم
504 _aالمراجع ص.336
520 _aنشأة الرقابة المالية للدولة، أنواع الرقابة على المال العام، المقومات الأساسية للعمل الرقابي، نظم الرقابة على المال العام، أساليب ووسائل الرقابة، نظام الرقابة المالية، الرقابة المالية في الدولة الاسلامية، بحوث رقابية
653 _aالرقابة المالية
942 _cكتاب
999 _c42681
_d42681